000 00826nam a2200217Ia 4500
999 _c40116
_d40116
001 6722
003 GE_BSU
005 20191211171651.0
008 181216s1956||||ge |||||||||||||| ||geo||
040 _cGE_BSU
041 _ageo
080 _a821.353.1-1 გ-30
100 _aგელოვანი, მირზა.
_95783
245 _aშავნაბადა :
_bლექსები /
_cმირზა გელოვანი ; რედ. ვ. ბეწუკელი.
264 _aთბილისი :
_bსაბლიტგამი,
_c1956.
300 _a130 გვ. :
_bფოტო-პორტრეტი ;
_c15 სმ.
653 _aლექსები
653 _aშავნაბადა
700 _aბეწუკელი, ვ.
_eრედაქტორი
_95784
942 _cBK
_2udc